| 000 | 00808nam a2200253Ia 4500 | ||
|---|---|---|---|
| 003 | OSt | ||
| 005 | 20220927110627.0 | ||
| 006 | a|||||r|||| 00| 0 | ||
| 007 | ta | ||
| 008 | 220926b |||||||| |||| 00| 0 eng d | ||
| 024 | _a121986 | ||
| 037 | _cReports | ||
| 040 |
_aRTL _cRTL _beng |
||
| 041 |
_2eng _aeng |
||
| 082 | _a"T.2.N64t, L1" | ||
| 110 |
_aGovt of India. Education (Commission) (1964) (Chairman : D S Kothari _9379481 |
||
| 245 | 0 |
_aReport _b Education and national development |
|
| 260 |
_aDelhi _bManager of Publicaiton Inida _c1966 |
||
| 300 |
_a"xxvi,813-932p." _ccm. |
||
| 650 | _aEducation | ||
| 700 |
_aGovt of India. Education (Commission) (1964) (Chairman : D S Kothari _9379482 |
||
| 942 |
_h"T.2.N64t, L1" _cCC |
||
| 999 |
_c697450 _d697450 |
||